000 00758nam a2200217Ii 4500
003 JO-AjNU
008 230605s9999||||xx |||||||||||||| ||und||
017 _a2006/4/394
040 _aJO-AjNU
_bara
_erda
_cJO-AjNU
041 _aara
050 1 4 _aLB1027.5.D3222 2007
100 3 _aدبور،عبد اللطيف مؤلف/الصافي،عبد الحكيم م.مشارك,
_eauthor
_928518
245 0 0 _aالإرشاد المدرسي بين النظرية والتطبيق
250 _aط1
264 3 1 _aعمان:دار الفكر،2007
300 _a428ص
336 _atext
_btxt
_2rdacontent
337 _aunmediated
_bn
_2rdamedia
338 _avolume
_bnc
_2rdacarrier
650 4 _a الارشاد المدرسي-الارشاد التربوي
_928519
999 _aA11071
_c14639
_d14639